000 00383nam a22001217a 4500
003 SGT
082 _a920
_bN78V
100 _aवर्मा, विश्वनाथ प्रसाद
245 _aनिर्वाचन और राजनीती
260 _b बिहार हिंदी ग्रन्थ अकादमी
_c1978
300 _a434
942 _2ddc
_cBK
999 _c31975
_d31975